000 00232nam a2200097Ia 4500
005 20251222114347.0
008 251222s1900||||xx |||||||||||||| ||spa||
082 _aDVD0192/K41/2000
245 0 _aEcologĂ­a y medio ambiente:
942 _cDVD
999 _c1084
_d1084